AI, information, and global dynamics : shaping the future of geopolitical landscape /

This edited volume discusses the convergence of AI, information, and the geopolitical landscape.Featuring contributions written by globally recognized experts from different sectors, the book explores the growing role of AI in areas such as information, communication, and geopolitics, offering theor...

Full description

Bibliographic Details
Other Authors: Roumate, Fatima
Format: eBook
Language:English
Published: Cham : Springer, 2026.
Series:Contributions to international relations.
Subjects:

MARC

Tag First Indicator Second Indicator Subfields
LEADER 00000cam a2200000 i 4500
001 in00005778976
005 20260418233625.0
006 m o d
007 cr cnu---unuuu
008 260203s2026 sz o 000 0 eng d
040 |a QGK  |b eng  |e rda  |e pn  |c QGK  |d EBLCP  |d GW5XE  |d UKKRT  |d YDX  |d OCLCO  |d GW5XE  |d YDX 
019 |a 1570614256  |a 1570716984  |a 1572100297 
020 |a 9783032135285 (electronic bk.) 
020 |a 3032135281  |q (electronic bk.) 
020 |z 3032135273 
020 |z 9783032135278 
024 7 |a 10.1007/978-3-032-13528-5  |2 doi 
035 |a (OCoLC)1572221210  |z (OCoLC)1570614256  |z (OCoLC)1570716984  |z (OCoLC)1572100297 
050 4 |a Q335  |b .A356 2026 
082 0 4 |a 006.3  |2 23/eng/20260219 
245 0 0 |a AI, information, and global dynamics :  |b shaping the future of geopolitical landscape /  |c Fatima Roumate, editor. 
264 1 |a Cham :  |b Springer,  |c 2026. 
264 4 |c ©2026. 
300 |a 1 online resource (257 pages). 
336 |a text  |b txt  |2 rdacontent 
337 |a computer  |b c  |2 rdamedia 
338 |a online resource  |b cr  |2 rdacarrier 
341 0 |b PDF/UA-1  |2 onix 
341 0 |b No reading system accessibility options actively disabled  |2 onix 
341 0 |b Table of contents navigation  |2 onix 
341 0 |b Single logical reading order  |2 onix 
341 0 |b Use of color is not sole means of conveying information  |2 onix 
341 0 |b Use of high contrast between text and background color  |2 onix 
341 0 |b Next / Previous structural navigation  |2 onix 
341 0 |b All non-decorative content supports reading without sight  |2 onix 
341 0 |3 PDF  |b All non-decorative content supports reading without sight  |2 onix 
341 0 |3 PDF  |b Next / Previous structural navigation  |2 onix 
341 0 |3 PDF  |b PDF/UA-1  |2 onix 
341 0 |3 PDF  |b Single logical reading order  |2 onix 
341 0 |3 PDF  |b Table of contents navigation  |2 onix 
341 0 |3 PDF  |b Use of color is not sole means of conveying information  |2 onix 
341 0 |3 PDF  |b Use of high contrast between text and background color  |2 onix 
347 |a text file  |b PDF  |2 rda 
490 1 |a Contributions to International Relations 
520 |a This edited volume discusses the convergence of AI, information, and the geopolitical landscape.Featuring contributions written by globally recognized experts from different sectors, the book explores the growing role of AI in areas such as information, communication, and geopolitics, offering theoretical and methodological frameworks to analyze. 
532 8 |a Publisher contact for further accessibility information: accessibilitysupport@springernature.com 
505 0 |a Chapter 1: Understanding the Intersection of AI, Information, and Geopolitical Dynamics -- Chapter 2: AI, Information and global power dynamics -- Chapter 3: Strategic Assets of the 21st Century: AI, Information, and Global Dominance -- Chapter 4: AI as a Tool for Information Warfare -- Chapter 5: Social Media, Algorithms, and the Risks to the International Psychological Security -- Chapter 6: AI in Information Warfare: Transforming Conflict and Geopolitical Dynamics -- Chapter 7: AI and information: Implications on military strategies -- Chapter 8: AI transformation and the economy based on information: Toward a new balance of power -- Chapter 09: AI and information as a strategic asset -- Chapter 10: AI, Information and Maritime Security: Implications for Global Trade and Geopolitical Competition -- Chapter 11: AI and Information: The Global Landscape of AI Ethics and Regulation -- Chapter 12: The Future of AI, Information, and Geopolitics. 
588 0 |a Online resource; title from PDF title page (SpringerLink, viewed February 19, 2026). 
532 8 |3 PDF  |a Accessibility summary: This PDF has been created in accordance with the PDF/UA-1 standard to enhance accessibility, including screen reader support, bookmarks for easy navigation, keyboard-friendly links and forms and searchable, selectable text. We recognize the importance of accessibility, and we welcome queries about accessibility for any of our products. If you have a question or an access need, please get in touch with us at accessibilitysupport@springernature.com. Please note that a more accessible version of this eBook is available as ePub. 
532 8 |3 PDF  |a No reading system accessibility options actively disabled 
532 8 |3 PDF  |a Publisher contact for further accessibility information: accessibilitysupport@springernature.com 
650 0 |a Artificial intelligence  |x Political aspects. 
650 6 |a Intelligence artificielle  |x Aspect politique. 
655 0 |a Electronic books. 
700 1 |a Roumate, Fatima.  |1 https://id.oclc.org/worldcat/entity/E39PCjGgDhhMhJrvBJ4w8gyq33 
776 0 8 |z 9783032135278 
776 0 8 |i Print version:  |a Roumate, Fatima  |t AI, Information, and Global Dynamics  |d Cham : Springer,c2026  |z 9783032135278 
776 0 8 |c Original  |z 3032135273  |z 9783032135278  |w (OCoLC)1548563996 
830 0 |a Contributions to international relations. 
852 8 |b POD  |z This title is available for the library to purchase for your use. Click the "Purchase It For Me" button to place a request. This item will take 5-10 business days to arrive. 
955 |a Ebook POD title 
961 |m 565731 
999 f f |i 995c5712-7757-493d-a346-b2734d6b8ae8  |s 1481ac59-ecc4-4227-90ba-4c99c663c23b  |t 0 
952 f f |a Texas A&M University  |b College Station  |c Sterling C. Evans Library  |s Evans POD  |d Purchase on Demand  |t 0  |e Q335 .A356 2026  |h Library of Congress classification 
998 f f |a Q335 .A356 2026  |t 0  |l Purchase on Demand